Statistics for Counties of Montana

Click here to take the quiz!

General Stats

  • This quiz has been taken 9 times
  • The average score is 32 of 56

Answer Stats

Answer% Correct
Garfield
100%
Lincoln
100%
Cascade
80%
Flathead
80%
Glacier
80%
Golden Valley
80%
Jefferson
80%
Meagher
80%
Musselshell
80%
Ravalli
80%
Rosebud
80%
Silver Bow
80%
BeaverHead
60%
Big Horn
60%
Blaine
60%
Broadwater
60%
Carbon
60%
Carter
60%
Custer
60%
Daniels
60%
Dawson
60%
Deer Lodge
60%
Gallatin
60%
Granite
60%
Hill
60%
Liberty
60%
Madison
60%
McCone
60%
Petroleum
60%
Phillips
60%
Prairie
60%
Sanders
60%
Stillwater
60%
Sweet Grass
60%
Teton
60%
Treasure
60%
Valley
60%
Wheatland
60%
Wibaux
60%
Yellowstone
60%
Choteau
40%
Fallon
40%
Fergus
40%
Judith Basin
40%
Lake
40%
Lewis and Clark
40%
Mineral
40%
Park
40%
Pondera
40%
Powder River
40%
Richland
40%
Sheridan
40%
Toole
40%
Missoula
20%
Roosevelt
20%
Powell
0%

Score Distribution

Percentile by Number Answered

Percent of People with Each Score

Your Score History

You have not taken this quiz